• 首页
  • 本馆介绍
  • 公告通知
  • 最新文献
  • 馆藏检索
  • 电子资源
  • 读者导购
  • 参考咨询
  • 我的图书馆
  • 登录
  • 详细信息显示
  • 放入我的书架
  • 预约/预借图书
  • 作者相关作品
  • 分类相关作品
  • 丛书相关作品
  • 出版社相关作品

书目信息

  • 表格格式
  • 工作单格式
  • 卡片格式
题名:
临床社会工作游戏治疗
    
 
作者: 廷伯莱克 , 卡特勒 著 ;肖萍 译
分册:  
出版信息: 上海   华东理工大学出版社  2004
页数: 503页
开本: 23cm
丛书名: 社会工作名著译丛
单 册:
中图分类: B844.1
科图分类:
主题词: 儿童--心理卫生 , 儿童 , 心理卫生
电子资源:
ISBN: 7-5628-1556-9
000 01162oam2 2200325 450
001 002724457
005 20120628154536.31
010    @a7-5628-1556-9@dCNY45.00
100    @a20040920d2004 em y0chiy0110 ea
101 1  @achi@ceng
102    @aCN@b310000
105    @ay z 000yy
106    @ar
200 1  @a临床社会工作游戏治疗@9lin chuang she hui gong zuo you xi zhi liao@f[美]Elizabeth M. Timberlake,[美]Marika Moore Cutler著@g肖萍等译
210    @a上海@c华东理工大学出版社@d2004
215    @a503页@d23cm
225 2  @a社会工作名著译丛
300    @a上海市重点图书
330    @a本书对儿童临床社会工作中的有效的介入方式游戏治疗进行探讨,详细地介绍了游戏治疗的基本理论、过程和技巧。
461  0 @12001 @a社会工作名著译丛
510 1  @aDevekopmental Play Therapy in Clinical Social Work@zeng
606 0  @a儿童@x心理卫生
606 0  @a儿童
606 0  @a心理卫生
690    @aB844.1@v4
701  0 @c(美)@a廷伯莱克@9ting bai lai ke@c(Timberlake, Elizabeth M.)@4著
701  0 @c(美)@a卡特勒@9ka te le@c(Cutler, Marika Moore)@4著
702  0 @a肖萍@9xiao ping@c(社会学)@4译
801  0 @aCN@bNLC@c20041103
905    @b541554-57@dB844.1@e1099@f4
    
    临床社会工作游戏治疗/[美]Elizabeth M. Timberlake,[美]Marika Moore Cutler著/肖萍等译.-上海:华东理工大学出版社,2004
    503页;23cm.-(社会工作名著译丛)
    上海市重点图书
    
    ISBN 7-5628-1556-9:CNY45.00
    本书对儿童临床社会工作中的有效的介入方式游戏治疗进行探讨,详细地介绍了游戏治疗的基本理论、过程和技巧。
●
相关链接 在E读中查询图书 在五车中查询图书 在当当中查询图书 在豆瓣中查询图书


正题名:临床社会工作游戏治疗     索取号:B844.1/1099         预约/预借

序号 登录号 条形码 馆藏地/架位号 状态 备注
1 541554   205415549   第一样本阅览室/ [索取号:B844.1/1099] 在馆    
2 541555   205415558   第一借阅区/ [索取号:B844.1/1099] 在馆    
3 541556   205415567   第一借阅区/ [索取号:B844.1/1099] 在馆    
4 541557   205415576   密集书库-海洋学院/ [索取号:B844.1/1099] 在馆    
唐山师范学院图书馆 欢迎您!
大连网信软件有限公司© 版权所有